• AIU
  • Tony Wilmot Memorial Library

Key monuments of the history of architecture. (Record no. 59599)

MARC details
000 -LEADER
fixed length control field 00703nam a22002411 4500
001 - CONTROL NUMBER
control field 1223657
003 - CONTROL NUMBER IDENTIFIER
control field OSt
005 - DATE AND TIME OF LATEST TRANSACTION
control field 20140722094221.0
008 - FIXED-LENGTH DATA ELEMENTS--GENERAL INFORMATION
fixed length control field 711228s1964 njuabe 000 0 eng
010 ## - LIBRARY OF CONGRESS CONTROL NUMBER
LC control number 64010764
040 ## - CATALOGING SOURCE
Original cataloging agency DLC
Transcribing agency DLC
Modifying agency DLC
050 00 - LIBRARY OF CONGRESS CALL NUMBER
Classification number NA202
Item number .M5
082 00 - DEWEY DECIMAL CLASSIFICATION NUMBER
Classification number 720.9
100 1# - MAIN ENTRY--PERSONAL NAME
Personal name Millon, Henry A.,
Relator term ed.
9 (RLIN) 29128
245 10 - TITLE STATEMENT
Title Key monuments of the history of architecture.
250 ## - EDITION STATEMENT
Edition statement Text ed.
260 ## - PUBLICATION, DISTRIBUTION, ETC. (IMPRINT)
Place of publication, distribution, etc Englewood Cliffs, N.J.,
Name of publisher, distributor, etc Prentice-Hall
Date of publication, distribution, etc [1964]
300 ## - PHYSICAL DESCRIPTION
Extent 536 p.
Other physical details illus., maps, plans.
Dimensions 26 cm.
500 ## - GENERAL NOTE
General note Errata slip inserted.
650 #0 - SUBJECT ADDED ENTRY--TOPICAL TERM
Topical term or geographic name as entry element Architecture
General subdivision Pictorial works.
9 (RLIN) 29129
906 ## - LOCAL DATA ELEMENT F, LDF (RLIN)
a 7
b cbc
c orignew
d u
e ocip
f 19
g y-gencatlg
942 ## - ADDED ENTRY ELEMENTS (KOHA)
Source of classification or shelving scheme Library of Congress Classification
Koha item type Books
Holdings
Withdrawn status Lost status Source of classification or shelving scheme Damaged status Not for loan Collection code Home library Current library Shelving location Date acquired Source of acquisition Cost, normal purchase price Total Checkouts Full call number Barcode Date last seen Copy number Price effective from Koha item type
    Library of Congress Classification     General Circulation AIU/NEGST - Tony Wilmot Memorial Library AIU/NEGST - Tony Wilmot Memorial Library General Stacks 07/22/2014 Through TBN 9.95   NA202 .M5 1964 R29854F3232 09/02/2019 1 07/22/2014 Books